ইসলামের দৃষ্টিতে যুদ্ধ ও সন্ধি/ (Record no. 17994)
[ view plain ]
| 000 -LEADER | |
|---|---|
| fixed length control field | 01031nam a22002177a 4500 |
| 003 - CONTROL NUMBER IDENTIFIER | |
| control field | BDDh-ASL |
| 005 - DATE AND TIME OF LATEST TRANSACTION | |
| control field | 20231015025652.0 |
| 008 - FIXED-LENGTH DATA ELEMENTS--GENERAL INFORMATION | |
| fixed length control field | 200916b1987 ||||| |||| 00| 0 d |
| 040 ## - CATALOGING SOURCE | |
| Original cataloging agency | BDDh-ASL |
| Transcribing agency | BDDh-ASL |
| Modifying agency | BDDh-ASL |
| 041 ## - LANGUAGE CODE | |
| Language code of text/sound track or separate title | bengali |
| 082 ## - DEWEY DECIMAL CLASSIFICATION NUMBER | |
| Classification number | 297.09 |
| Item number | ISL |
| 100 ## - MAIN ENTRY--PERSONAL NAME | |
| 9 (RLIN) | 833 |
| Personal name | তাসখিরী, মুহাম্মদ আলী |
| 245 #0 - TITLE STATEMENT | |
| Title | ইসলামের দৃষ্টিতে যুদ্ধ ও সন্ধি/ |
| Statement of responsibility, etc. | মুহাম্মদ আলী তাসখিরী; সিরাজুল হক (অনু.)। |
| 246 ## - VARYING FORM OF TITLE | |
| Title proper/short title | Islamer Dristite Juddha O Sandhi. |
| 260 ## - PUBLICATION, DISTRIBUTION, ETC. | |
| Place of publication, distribution, etc. | ইরান: |
| Name of publisher, distributor, etc. | সাজেমানে তাবলীগাতে ইসলামী, |
| Date of publication, distribution, etc. | ১৯৮৭। |
| 300 ## - PHYSICAL DESCRIPTION | |
| Extent | ৮৬ পৃষ্ঠা: |
| Dimensions | ২১ সে. মি.। |
| 504 ## - BIBLIOGRAPHY, ETC. NOTE | |
| Bibliography, etc. note | গ্রন্থপঞ্জি সংযুক্ত। |
| 650 #0 - SUBJECT ADDED ENTRY--TOPICAL TERM | |
| 9 (RLIN) | 770 |
| Topical term or geographic name entry element | ইসলামিক বিপ্লব |
| General subdivision | ইসলাম ধর্ম |
| 700 #0 - ADDED ENTRY--PERSONAL NAME | |
| 9 (RLIN) | 802 |
| Personal name | হক, সিরাজুল |
| 942 ## - ADDED ENTRY ELEMENTS (KOHA) | |
| Source of classification or shelving scheme | Dewey Decimal Classification |
| Koha item type | Books |
| Withdrawn status | Lost status | Source of classification or shelving scheme | Damaged status | Not for loan | Collection code | Home library | Current library | Shelving location | Date acquired | Total Checkouts | Full call number | Barcode | Date last seen | Copy number | Price effective from | Koha item type |
|---|---|---|---|---|---|---|---|---|---|---|---|---|---|---|---|---|
| Dewey Decimal Classification | Non-fiction | Asiatic Society Library | Asiatic Society Library | General Stacks | 09/16/2020 | 297.09 ISL | 101136 | 09/16/2020 | C-1 | 09/16/2020 | Books | |||||
| Dewey Decimal Classification | Non-fiction | Asiatic Society Library | Asiatic Society Library | General Stacks | 09/16/2020 | 297.09 ISL | 101137 | 09/16/2020 | C-2 | 09/16/2020 | Books |